All foreign players Heerenveen - Statistics

General Stats
  • This quiz has been taken 20 times
    18 since last reset
  • The average score is 29 of 197
Answer Stats
Hint Answer % Correct
Hakim Ziyech
69%
Alfonso Alves
62%
Martin Ødegaard
46%
Sam Larsson
46%
Oussama Assaidi
38%
Simon Olsson
38%
Văn Hậu Đoàn
38%
Viktor Elm
38%
Alen Halilović
31%
Alfreð Finnbogason
31%
Anas Tahiri
31%
Arber Zeneli
31%
Charlie Webster
31%
Chidera Ejuke
31%
Daniel Karlsbakk
31%
Goran Popov
31%
Hussein Ali
31%
Kenny Otigba
31%
Mats Köhlert
31%
Oliver Braude
31%
Osame Sahraoui
31%
Tibor Halilović
31%
Alan Bak Jensen
23%
André Hanssen
23%
Brian Vandenbussche
23%
Daniel Jensen
23%
Danijel Pranjić
23%
Georgios Samaras
23%
Hans Vonk
23%
Jakob Poulsen
23%
Jon Dahl Tomasson
23%
Lasse Nilsson
23%
Marco Pappa
23%
Marcus Allbäck
23%
Mark Uth
23%
Martin Hansen
23%
Michael Bradley
23%
Michal Švec
23%
Miralem Sulejmani
23%
Nicolas Madsen
23%
Paweł Bochniewicz
23%
Petter Hansson
23%
Rami Kaib
23%
Simon Thern
23%
Stefano Marzo
23%
Sven Kums
23%
Warner Hahn
23%
Alex Timossi Andersson
15%
Amin Sarr
15%
Anders Dreyer
15%
Arek Radomski
15%
Benjamin Nygren
15%
Bilal Başaçıkoğlu
15%
Bonaventure Kalou
15%
Daniel Hestad
15%
Daniel Høegh
15%
Erik Edman
15%
Filip Bednarek
15%
Filip Stevanović
15%
Hernán Losada
15%
Ibrahim Drešević
15%
Ion Nicolăescu
15%
Jens Odgaard
15%
Jesper Håkansson
15%
Joaguín Fernández
15%
Jukka Raitala
15%
Kenny Steppe
15%
Kevin Stuhr-Ellegaard
15%
Kristian Bach Bak
15%
Kristoffer Nordfeldt
15%
Lasse Schöne
15%
Lukáš Mareček
15%
Marco Rojas
15%
Matthew Amoah
15%
Michal Papadopulos
15%
Mika Nurmela
15%
Mika Väyrynen
15%
Mitchell Te Vrede
15%
Morten Thorsby
15%
Nicolai Næss
15%
Ole Tobiasen
15%
Oliver Batista-Meier
15%
Paulo Henrique
15%
Rami Al Hajj
15%
Reza Ghoochannejhad
15%
Rodion Cămătaru
15%
Romasz Rząsa
15%
Runar Espejord
15%
Shay Facey
15%
Sherel Floranus
15%
Sieben Dewaele
15%
Stefan Selaković
15%
Thomas Prager
15%
Timmi Johansen
15%
Trevor Doornbusch
15%
Will Johnson
15%
Wout Faes
15%
Yuki Kobayashi
15%
Abdelkarim Kissi
8%
Abgar Barsom
8%
Alessandro Beccia
8%
Ali El-Khattabi
8%
Allan Jepsen
8%
Andreas Skovgaard
8%
Angelo Cijntje
8%
Antoine Colassin
8%
Ariel Harush
8%
Arnór Smárason
8%
Børre Meinseth
8%
Bo Storm
8%
Cecilio Lopes
8%
Christian Grindheim
8%
Christoph Mattes
8%
Couhaib Driouech
8%
David Damman
8%
Denis Calincov
8%
Dennis Johnsen
8%
Dionysios Sebwe
8%
Djuric Winklaar
8%
Dragan Sladaković
8%
Dumitru Mitriţă
8%
Emil Frederiksen
8%
Emmanuel Ebiede
8%
Fahd Aktaou
8%
Filip Đuričić
8%
Florin Constantinovici
8%
Godfrey Nwankpa
8%
Gonzalo
8%
Hannu Haarala
8%
Henry Onwuzuruike
8%
Hjalte Nørregaard
8%
Ian Claes
8%
Igor Đurić
8%
Igor Korneev
8%
Ioan Andone
8%
Ivan Rako
8%
Ivan Tsvetkov
8%
Janio Bikel
8%
Ken Ilsø
8%
Khalid Sinouh
8%
Lázaro
8%
Lesley Fellinga
8%
Luka Zahovič
8%
Maciej Wilusz
8%
Magnus Eikrem
8%
Marc Nygaard
8%
Mario Vušković
8%
Mark De Vries
8%
Martin Lejsal
8%
Mika Pulkkinen
8%
Milan Blagojevic
8%
Milan Kopic
8%
Mile Krstev
8%
Mitja Rešek
8%
Momir Karadžić
8%
Nemanja Mihajlović
8%
Niklas Tarvajärvi
8%
Nikola Golijanin
8%
Oussama Tannane
8%
Panu Toivonen
8%
Patrik Ingelsten
8%
Patrik Wålemark
8%
Paweł Wojciechowski
8%
Pedro Beda
8%
Philip Haglund
8%
Prince Polley
8%
Quenten Martinus
8%
Radoslav Samardžić
8%
Radosław Matusiak
8%
Radu Gusatu
8%
Rafael
8%
Raphael Bove
8%
Ray Richardson
8%
Rob Friend
8%
Samir Fazli
8%
Simon Karkov
8%
Slobodan Zmiric
8%
Spencer Verbiest
8%
Stanislav Shopov
8%
Stefan Gartenmann
8%
Szabolcs Varga
8%
Tarik Elyounoussi
8%
Thomas Dalgaard
8%
Thomas Holm
8%
Thomas Myssing
8%
Tobias Kainz
8%
Tommy Kristiansen
8%
Tom Siwe
8%
Uche Nwofor
8%
Ulysses Llanez
8%
Valeri Popovich
8%
Vanja Drkušič
8%
Viktor Noring
8%
Yanic Wildschut
8%
Yassine El Ghanassi
8%
Younes Namli
8%
Youssef El Akchaoui
8%
No matching quizzes found
Score Distribution
Percent of People with Each Score
Percentile by Number Answered
Your Score History
You have not taken this quiz since the last reset